00873 am a2200277 a 450000500170000000800410001702000180005804100080007610000200008424500640010425000120016826000540018030000170023450001160025165300630036765300120043065300120044265300210045465300120047565300210048765300210050865300110052965300110054065300220055170000220057320231218105823.0100812s2007||||sp a f |||| 001 0 spa d a9789687988894 aspa1 aMoore, Keith L. aAnatomía con orientación clínica / cKeith L. Moore. a5a ed.  aMadrid: bEditorial Médica Panamericana;c2007. a1205 p.bil. aMoore, K. (2007). Anatomía con orientación clínica. (5a ed.). México : Editorial Médica Panamericana. aIntroducción a la anatomía con orientación clínica aTórax aAbdomen aPelvis y perineo aEspalda aMiembro inferior aMiembro superior aCabeza aCuello aNervios craneales1 aDalley, Arthur F.